La cuenca lechera caprina Robles tras dos décadas de historia (Registro nro. 36035)

Detalles MARC
000 -LEADER
fixed length control field 00406 a2200133 4500
001 - CONTROL NUMBER
control field ART_46182
005 - DATE AND TIME OF LATEST TRANSACTION
control field 20260410162053.0
008 - FIXED-LENGTH DATA ELEMENTS--GENERAL INFORMATION
fixed length control field 260409a
100 1# - MAIN ENTRY--PERSONAL NAME
Personal name González, Viviana G.
245 10 - TITLE STATEMENT
Title La cuenca lechera caprina Robles tras dos décadas de historia
700 1# - ADDED ENTRY--PERSONAL NAME
Personal name Rodríguez Sperat, Ramiro
700 1# - ADDED ENTRY--PERSONAL NAME
Personal name Paz, Raúl
773 0# - HOST ITEM ENTRY
Title Pampa
Related parts - Año 6, Nº 6 (nov. 2010)
Record control number REV46129

No hay ítems disponibles.